000 01080nam a2200265Ia 4500
003 OSt
005 20220930094849.0
006 a|||||r|||| 00| 0
007 ta
008 220926b |||||||| |||| 00| 0 hin d
024 _a28342
037 _cTheses
040 _aCRL
_cCRL
_bhin
041 _2hin
_ahin
100 _aअशोक कुमार, गा.
110 _aदिल्ली विश्वविद्यालय. कला संकाय. हिन्दी विभाग
245 0 _aराजकमल चौधरी के कथा - साहित्य में नारी - मनोविज्ञान
246 _aRājakamal chaudharī ke kathā - sāhitya mean nārī - manovijnyāna
260 _c2011
300 _a272पृ0
_ap.
_ccm.
650 _aहिन्दी साहित्य
700 _aदिल्ली विश्वविद्यालय. कला संकाय. हिन्दी विभाग
942 _cDIS
_2CC
999 _c887805
_d887805